| 000 | 00642nam a22002057a 4500 | ||
|---|---|---|---|
| 999 |
_c8084 _d8084 |
||
| 003 | BD-JhCC | ||
| 005 | 20180717102008.0 | ||
| 008 | 180218b1318 ii ||||| |||| 00| 0 ben d | ||
| 035 | _a(BD-JhCC) | ||
| 040 |
_aBD-JhCC _dBD-JhCC |
||
| 041 | _aben | ||
| 082 |
_a954 _bGHU 1318 |
||
| 100 | _aগুহ, এম এ শ্রীরজনকান্ত | ||
| 245 |
_aমেগাস্থেনীসের ভারতবিবরণ / _cশ্রীরজনকান্ত গুহ এম এ |
||
| 260 |
_aকলিকাতা : _c1318 |
||
| 300 |
_a270 p. : _c22 cm. |
||
| 650 |
_aHistory _zIndia |
||
| 942 |
_2ddc _cBK |
||